000
00265nam a2200109Ia 4500
008
220216s9999 xx 000 0 und d
100
_a
Mathew Shera
245
0
_a
Casting vazhiyulla rubberulpanna nirmanam
260
_b
Rubber
_c
2012
300
_a
16-17
942
_c
JS
999
_c
55221
_d
55221